00760nam a2200217 i 4500001000700000003000900007005001700016007000300033008004100036020001800077080001400095100001800109245012700127250003700254260003700291300002800328650004400356700004900400852003500449852005800484140623ES-MaACL20251012190621.0t|070214s1986 sp r ||||1| spa d a84-239-6948-7 a811.134.21 aSeco, Manuel.10aDiccionario de dudas y dificultades de la lengua española / cManuel Seco ; prólogo de Salvador Fernández Ramírez. a9ª. ed. rev. y puesta al día. aMadrid : bEspasa Calpe, c1986. aXXII, 545 p. ; c21 cm.04aLengua española-xUso-vDiccionarios.1 aFernández Ramírez, Salvador, d1896-1983 aES-MaACLjL-11261 bR.113038 aES-MaACLjA-15215cDEPO1dOlim: DIC - L 134.2 SEC dic